| 000 | 00736nam a2200205 a 4500 | ||
|---|---|---|---|
| 005 | 20140310183456.0 | ||
| 008 | 091109s19uu xx 00 eng d | ||
| 020 | _a9781564149060 | ||
| 050 |
_aHF 5383 _b.En47894 2007 |
||
| 100 | _aEnelow, Wendy S. | ||
| 245 |
_aNo-nonsense cover letters : _bthe essential guide to creating attention-grabbing cover letters that get interviews & job offers / _cWendy S. Enelow, Arnold G. Boldt. |
||
| 260 |
_aNew Jersey : _bCareer Press, _c2007. |
||
| 300 |
_a240 p. : _c24 cm. |
||
| 521 | _aBSBA | ||
| 650 |
_aCover letters _xHandbooks, manuals, etc. |
||
| 650 |
_aAppilications for positions _xHandbooks, manuals, etc. |
||
| 700 | _aBoldt, Arnold G. | ||
| 942 |
_cBK _2lcc _kFOR |
||
| 999 |
_c23635 _d23635 |
||